Bài giảng cơ sở sinh thái động vật

Sách gồm 12 bài dùng để hướng dẫn cho học sinh ngành động vật, giới thiệu những nội dung cơ bản của môn sinh thái học động vật.

Đã lưu trong:
Sonraí Bibleagrafaíochta
Príomhúdar: Mai, Đình Yên
Formáid: Leabhar
Teanga:Undetermined
Foilsithe: Hà Nội ĐH và THCN 1969
Ábhair:
Clibeanna: Cuir Clib Leis
Gan Chlibeanna, Bí ar an gcéad duine leis an taifead seo a chlibeáil!
Thư viện lưu trữ: Trung tâm Học liệu Trường Đại học Cần Thơ
LEADER 00815nam a2200205Ia 4500
001 CTU_9091
008 210402s9999 xx 000 0 und d
082 |a 591.7 
082 |b Y603 
100 |a Mai, Đình Yên 
245 0 |a Bài giảng cơ sở sinh thái động vật 
245 0 |c Mai Đình Yên 
260 |a Hà Nội 
260 |b ĐH và THCN 
260 |c 1969 
520 |a Sách gồm 12 bài dùng để hướng dẫn cho học sinh ngành động vật, giới thiệu những nội dung cơ bản của môn sinh thái học động vật. 
650 |a Animal ecology 
904 |i Minh, Hải 
910 |a Mai chuyển số PL từ 591.5 thành 591.7/Y603 chưa in nhãn 
980 |a Trung tâm Học liệu Trường Đại học Cần Thơ